Movies Quiz

Random Movies or Pixar Quiz

Finding Nemo Animals Quiz Stats

 Plays Quiz Updated May 15, 2013

Also try: Nemo Names
Challenge
Share
Tweet
Score 0/24 Timer 03:00
6 Plays Today
% Correct
Nemo
86.2%
Bruce
86.2%
P. Sherman
84.7%
Dory
83.1%
Darla
81.1%
Crush
80.8%
Squirt
80.2%
Mr. Ray
77.8%
Mine!
77.4%
Coral
73.8%
Marlin
73.7%
Squishy
69.2%
% Correct
Nigel
61.6%
Bloat
60.7%
Jacques
55.3%
Peach
49.3%
Chum
42.5%
Anchor
41.2%
School of fish
36%
Bubbles
35.8%
Gerald
33.1%
Gill
30.9%
Pearl
27.2%
Sheldon
23.8%

You're not logged in!

Compare scores with friends on all Sporcle quizzes.
OR
Log In

You Might Also Like...

Show Comments

Extras

Top Quizzes Today


Score Distribution

Your Account Isn't Verified!

In order to create a playlist on Sporcle, you need to verify the email address you used during registration. Go to your Sporcle Settings to finish the process.

Report this User

Report this user for behavior that violates our Community Guidelines.

Details: